000 00751nam a2200205 a 4500
001 BRCA_8975
005 20190320210458.0
008 180717s2016----mx-a######---#000-0#spa-#
020 _a9786076054031
041 _aspa
050 4 _bC65 2016
245 1 0 _aEl color de los dioses
_bpolicromía en la Antigüedad clásica y Mesoamérica.
260 _aMéxico
_bSecretaría de Cultura, INBA : Liebieghaus Skulpturen Sammlung
_c2016
300 _a1 v. (en varias paginaciones)
_bil. (algunas a color)
_c31 cm.
440 0 _aMuseos y galerías
_9239
500 _aIncluye lista catalográfica
500 _aEl catálogo esta dividido en dos partes Antigüedad clásica y Mesoamérica
504 _aIncluye referencias bibliográficas
942 _2lcc
_cB
999 _c8626
_d8626